Separát štatistickej ročenky školstva SR 1994 stredné odborné učilištia

Guardado en:
Detalles Bibliográficos
Formato: Libro
Lenguaje:eslovaco
Publicado: Bratislava Ústav informácií a prognóz školstva, mládeže a telovýchovy 1994
Materias:
Etiquetas: Agregar Etiqueta
Sin Etiquetas, Sea el primero en etiquetar este registro!

MARC

LEADER 00000nam a2200000 4500
001 c010084
005 20251218091838.5
041 0 |a slo 
044 |a SK 
245 1 0 |a Separát štatistickej ročenky školstva SR 1994  |b stredné odborné učilištia 
264 1 |a Bratislava  |b Ústav informácií a prognóz školstva, mládeže a telovýchovy  |c 1994 
300 |a 98 s. 
610 2 0 |a Slovensko 
610 2 0 |a školstvo 
610 2 0 |a učilištia odborné stredné